000 01410cab a2200265 4500
001 ABS46021
008 090401t1992 xxu||||| |||| 00| 0 eng d
035 _a(Sirsi) u56396
041 _aeng
100 _aMcGoldrick, T.
245 _aCommercial risk or a matter of trust
260 _c1992
350 _a0
490 _aCost Engineer
_v30(2) 1992, 13-15(2)
520 _aHighlights cases where contractors have had to provide bonds as Surety for the completion of their obligations under the contract. Begins by identifying those bonds more commonly used, including tender bonds, advance payment bonds, performance bonds and retention bonds, before looking at the cases in more detail. Fairclough Building Ltd v Cigna Insurance Company of Europe SA; R D Harbottle (Mercantile) Ltd v National Westminster Bank Ltd; I E Contractors Ltd (formerly GKN Contractors Limited) v Lloyds Bank plc and Rafidian Bank; The Wardens and Commonality of the Mystery of Mercers of the city of London v New Hampshire Insurance Company; Costain International Ltd v Davy McKee (London) Ltd and the Standard Chartered Bank, discussed.
650 _aBUILT ENVIRONMENT-BUILDING CONTRACT FORMS
650 _aCONDITIONAL BONDS
650 _aDEFAULT BONDS
650 _aON-DEMAND BONDS
650 _aVARIATIONS
650 _aZIMCOR INTERNATIONAL
690 _aBUILT ENVIRONMENT
942 _n0
948 _c04/03/1997
999 _c34392
_d34392